Регионална библиотека "Любен Каравелов" - Русе

Морякът, смъртта и дяволът (Запис номер 139459)

MARC детайли
000 -Лидер
Контролно поле с фиксирана дължина 01731nam a2200385 c 4500
003 - Код на организацията, давaща контролен номер
Контролно поле BLK
005 - Дата и час на последна редакция
Контролно поле 20230714005156.0
008 - Елементи от данни с фиксирана дължина
fixed length control field 180409b bul|||||r ||||||| ||bul||
010 ## - Наследен системен номер
LC control number KNG00145503000
040 ## - Източник на каталожния запис
Идентификатор на билиотеката - собственик на записа BLK
041 ## - Код за език
Код за езика на текст/звукозапис или на отделно заглавие Български
Код за езика КДБФ Български
080 ## - УДК
Текстов определител УДК Експлоатация на водния транспорт
УДК код - определител по УДК 656.6
УДК - код + определител 656.6
100 1# - Редна дума - Автор
Автор Ханке, Хелмут
Авторска отговорност първи автор
R(LIN) 326721
139 ## - Редно поле
Редна дума Ханке, Хелмут
Авторски знак Хан - Х 25
245 10 - Сведения за заглавието
Заглавие Морякът, смъртта и дяволът
Подзаглавни данни Ист. очерк
Редно поле (дума) Хелмут Ханке; прев. от нем. Здравко Калчев; ил. Стоимен Иванов Стоилов.
257 ## - Страна на издаване
Страна на създаване/издаване Германия
260 ## - Област на издателските данни
Място на издаване, разпространение и проч. Варна
Име на издателя, разпространителя и проч. Държ. изд.
Година на издаване 1973
300 ## - Физическа характеристика
Страници 311 с.
Илюстрации и др. с ил.
Размери/Мащаб 21 см
380 ## - Жанр
Жанр Техника
490 ## - СЕРИИ (Колекции)
Име на серия Библиотека Морета, брегове и хора
№: серия 27
9 (RLIN) 205773
500 ## - Общи забележки
Забележка Ориг. загл. Seemann, Tod und Teufel. - 35 100 тир. - Моряшкият труд и бит от праист. време до нашия век.
650 #4 - Допълнително описание по предмет – тема
Основно описание – тема или топоним Моряци - бит и обичаи
9 (RLIN) 326723
650 #4 - Допълнително описание по предмет – тема
Основно описание – тема или топоним Морски пътешествия - история
9 (RLIN) 245445
650 #4 - Допълнително описание по предмет – тема
Основно описание – тема или топоним Мореплаватели
9 (RLIN) 162727
700 1# - Други автори (авторска отговорност)
Лично име Калчев, Здравко
Автороска отговорност (Описва отношението между автора и произведението) прев. от нем.
9 (RLIN) 326722
700 ## - Други автори (авторска отговорност)
Лично име Стоилов, Стоимен Иванов
Дати, свързани с автора 1944-
Друга информация Български график и живописец
9 (RLIN) 374518
852 ## - Местоположение
Форматна сигнатура Цб 67189
856 4# - Електронен адрес и достъп
Електронен формат pdf - файл
856 4# - Електронен адрес и достъп
Електронен формат pdf - файл
999 ## - СИСТЕМНИ КОНТРОЛНИ НОМЕРА
Koha biblionumber 139459
Koha biblioitemnumber 139459
942 ## - АРТИКУЛИ
Вид на библиотечния материал Книги
Скрит в OPAC Не
Периодичен библиозапис Да
944 ## - СЪЗДАВАНЕ И РЕДАКЦИЯ на ЗАПИСА
Създаване/Редакция Създаване
Дата на регистрацията/редакция 29.10.2015
Служител, извършил регистрацията/редакцията
Статус, дата на статуса CRON CRON
944 ## - СЪЗДАВАНЕ И РЕДАКЦИЯ на ЗАПИСА
Създаване/Редакция Редакция
Дата на регистрацията/редакция 20.09.2017
Служител, извършил регистрацията/редакцията Кети_Илиева
944 ## - СЪЗДАВАНЕ И РЕДАКЦИЯ на ЗАПИСА
Създаване/Редакция Редакция
Дата на регистрацията/редакция 2022-07-14
Служител, извършил регистрацията/редакцията Христина Везирева
999 ## - СИСТЕМНИ КОНТРОЛНИ НОМЕРА
Koha biblioitemnumber 139459
Наличности
Код за отписване Код за изгубен артикул Източник на класификационната схема Код за повреда Коз за рестрикции Код за отдаване Артикулен № Име на библиотеката - собственик Име на библиотеката, в която се намира в момента Статус (Текущо местоположение) Дата на вписване в системата Местоположение - отдел Цена в лева Инвентарен номер Систематично азбучна сигнатура Баркод Номер на екземпляра Цена в евро Служебна бележка Служебен тип на артикула Бележка за публиката
  Не е изгубен Universal Decimal Classification Не е повреден без рестрикции ползва се в читалня 228356 Регионална библиотека "Любен Каравелов" Русе Регионална библиотека "Любен Каравелов" Русе Хранилище 1973-01-01 Хранилище 1.37 136319 Цб 67189 120000136319 1 0.70 Дост: Dp Вид: Д N: стар фонд Дата: 01.01.1973 Книги  
Изтеглен Не е изгубен   Не е повреден без рестрикции заемане за дома 228357 Регионална библиотека "Любен Каравелов" Русе Регионална библиотека "Любен Каравелов" Русе   1973-01-01 Детски отдел 1.37 136764 ДН 65/Х 25 136764 2 0.70 Дост: Pk Вид: Ф N: стар фонд Дата: 01.01.1973 Дата инв: 29.10.2015 Бележки инв: Д2015 Книги Отч.N: 35/2017 , Дата: 05.09.2017
Изтеглен Не е изгубен Universal Decimal Classification Не е повреден без рестрикции заемане за дома 228358 Регионална библиотека "Любен Каравелов" Русе Регионална библиотека "Любен Каравелов" Русе Заемна - подръчен фонд 1973-01-01 Заемна - подръчен фонд 1.37 136952 П 656.6/Х 25 136952 3 0.70 Дост: Pk Вид: Ф N: стар фонд Дата: 01.01.1973 Книги  
Изтеглен Не е изгубен Universal Decimal Classification Не е повреден без рестрикции заемане за дома 228359 Регионална библиотека "Любен Каравелов" Русе Регионална библиотека "Любен Каравелов" Русе Заемна - подръчен фонд 1973-01-01 Заемна - подръчен фонд 1.37 136953 П 656.6/Х 25 136953 4 0.70 Дост: Pk Вид: Ф N: стар фонд Дата: 01.01.1973 Книги  
Изтеглен Не е изгубен Universal Decimal Classification Не е повреден без рестрикции заемане за дома 228360 Регионална библиотека "Любен Каравелов" Русе Регионална библиотека "Любен Каравелов" Русе Заемна - подръчен фонд 1973-01-01 Заемна - подръчен фонд 1.37 136954 П 656.6/Х 25 120000136954 5 0.70 Дост: Pk Вид: Ф N: стар фонд Дата: 01.01.1973 Дата инв: 06.02.2018 Бележки инв: П2018 Книги  
Изтеглен Не е изгубен Universal Decimal Classification Не е повреден без рестрикции заемане за дома 228361 Регионална библиотека "Любен Каравелов" Русе Регионална библиотека "Любен Каравелов" Русе Заемна - подръчен фонд 1973-01-01 Заемна - подръчен фонд 1.37 136955 П 656.6/Х 25 136955 6 0.70 Дост: Pk Вид: Ф N: стар фонд Дата: 01.01.1973 Книги  
Изтеглен Не е изгубен Universal Decimal Classification Не е повреден без рестрикции заемане за дома 228362 Регионална библиотека "Любен Каравелов" Русе Регионална библиотека "Любен Каравелов" Русе Заемна - подръчен фонд 1973-01-01 Заемна - подръчен фонд 1.37 136959 П 656.6/Х 25 136959 7 0.70 Дост: Pk Вид: Ф N: стар фонд Дата: 01.01.1973 Книги  
Изтеглен Не е изгубен Universal Decimal Classification Не е повреден без рестрикции заемане за дома 228363 Регионална библиотека "Любен Каравелов" Русе Регионална библиотека "Любен Каравелов" Русе Заемна - подръчен фонд 1973-01-01 Заемна - подръчен фонд   136960 П 656.6/Х 25 136960 8 0.00 Дост: Pk Вид: Ф N: стар фонд Дата: 01.01.1973 Книги  
Vip Innovations Ltd, Rousse, Bulgaria 2025